Statistics for Sea by picture

Click here to take the quiz!

General Stats

  • This quiz has been taken 17 times
  • The average score is 7 of 9

Answer Stats

Answer% Correct
red sea
100%
black sea
88%
baltic sea
81%
caribbean sea
81%
caspian sea
81%
adriatic sea
75%
south china sea
75%
arabian sea
69%
aegean sea
63%

Score Distribution

Percentile by Number Answered

Percent of People with Each Score

Your Score History

You have not taken this quiz